Code of practice for the safe use of lasers in the entertainment industry (1995) /

Saved in:
Bibliographic Details
Corporate Author: National Health and Medical Research Council (Australia)
Format: Book
Language:English
Published: Canberra : Australian Govt. Pub. Service, c1995.
Series:Radiation health series ; no. 37.
Subjects:
LEADER 03612cam a2200373 a 4500
001 c000284170
003 CARM
005 20080709103957.0
008 961107s1995 aca 000 0 eng d
019 1 |a 12767063  |z 12599534  |z 42842726  |5 LACONCORD2021 
020 |a 0644363010 
035 |a (OCoLC)37099606  |5 LACONCORD2021 
040 |a NUN  |b eng  |c NUN  |d NUN 
042 |a anuc 
110 2 |a National Health and Medical Research Council (Australia). 
245 1 0 |a Code of practice for the safe use of lasers in the entertainment industry (1995) /  |c approved at the 119th session of the National Health and Medical Research Council, Canberra, June 1995. 
260 |a Canberra :  |b Australian Govt. Pub. Service,  |c c1995. 
300 |a v, 42 p. ;  |c 25 cm. 
440 0 |a Radiation health series ;  |v no. 37. 
500 |a Approved at the 119th session of the National Health and Medical Research Council, Canberra, June 1995. 
504 |a Includes bibliographical references (p. 39) 
505 0 |a 1. Introduction -- 1.1. Purpose of the code -- 1.2. Scope -- 1.3. Lasers -- 1.4. Lasers in the entertainment industry -- 1.5. Maximum permissible exposure (MPE) -- 1.6. Specialised meanings for 'shall' and 'should' -- 2. Hazards in the use of lasers -- 2.1. General hazards of laser radiation -- 2.2. Special hazards of ultraviolet radiation -- 2.3. Other hazards associated with laser operation -- 2.4. Optical fibre systems -- 2.5. Additional hazards from optical fibres -- 3. Classification of laser devices -- 3.1. Classification of laser devices -- 3.2. Classification scheme requirements -- 4. Exposure limits -- 4.1. Compliance with maximum permissible exposure -- 4.2. Spectator zone limit -- 4.3. Maximum permissible exposure for ancillary personnel - 4.4. Maximum permissible exposure for performers -- 5. Equipment requirements -- 5.1. Projectors -- 5.2. Apertures -- 5.3. Targets and mirrors -- 5.4. Component mounting -- 5.5. Scanners -- 5.6. Beam stops and baffles -- 5.7. Emergency laser shut off - 5.8. Operator control position -- 5.9. Area warning signs -- 5.10 Spectator zone requirements -- 5.10.1. Displays under continuous operator control -- 5.10.2. Displays not under continuous operator control -- 5.11. Smoke, fog or mist effects -- 5.12. Barriers -- 6. Responsibilities and duties -- 6.1. Owner responsibility -- 6.2. Laser safety officer responsibilities -- 6.3. Designer responsibilities -- 6.4. Installer responsibilities -- 6.5. Operator responsibilities -- 7. Special consideration -- 7.1. Holographic displays -- 7.2. Ultraviolet projections -- 8. Glossary of terms -- Annex A. Warning signs and labels -- Annex B. Recommended alignment procedures -- B1. Alignment procedure for lasers with visible beams -- B2. Alignment procedure for lasers with invisible beams -- B3. Eye protection -- Annex C. Display safety record proforma -- Annex D. Advisory authorities.kers (JETCCRW)s -- 8.5. Minimis. 
650 0 |a Lasers  |x Safety measures. 
650 0 |a Lasers in art  |x Safety measures. 
650 0 0 |a Lasers  |x Safety measures  |x Standards. 
650 0 |a Recreation  |x Equipment and supplies. 
650 0 4 |a Recreation  |x Equipment and supplies  |x Safety measures. 
650 0 |a Radiation  |x Safety measures. 
650 0 |a Radiation  |x Safety measures  |x Standards. 
710 2 |a National Health and Medical Research Council (Australia) 
852 8 |b CARM  |h A3:AR09F0  |i C11173  |p 0467443  |f BK 
082 0 4 |a 363.189  |2 20 
999 f f |i 67945bb8-c499-54cc-9e02-29df611752b3  |s ce024ac1-3396-5c45-a839-193b5d58c648 
952 f f |p Can circulate  |a CAVAL  |b CAVAL  |c CAVAL  |d CARM 1 Store  |e C11173  |f A3:AR09F0  |h Other scheme  |i book  |m 0467443